Ineficiencias de los sistemas eléctricos: efectos, cuantificación y dispositivos de mejora de la eficiencia
Guardat en:
| Autors principals: | , , , |
|---|---|
| Format: | Llibre |
| Idioma: | espanyol |
| Publicat: |
Valencia
Universidad Politécnica de Valencia
2001
|
| Matèries: | |
| Etiquetes: |
Afegir etiqueta
Sense etiquetes, Sigues el primer a etiquetar aquest registre!
|
MARC
| LEADER | 00000nam a2200000 a 4500 | ||
|---|---|---|---|
| 001 | UCK6272 | ||
| 003 | CL-VaPUC | ||
| 008 | 050909e20010000SP |||||||||||||||||spa|d | ||
| 020 | |a 8497051211 | ||
| 082 | 0 | 4 | |a 621.319 |b LEO |2 21 |
| 100 | 0 | |a León Martínez, Vicente |e author |9 495367 | |
| 700 | 0 | |a Giner García, José |e author |9 495368 | |
| 700 | 0 | |a Montaña Romeu, Joaquín |e author |9 495369 | |
| 700 | 0 | |a Cazorla Navarro, Antonio |e author |9 495370 | |
| 245 | 1 | 0 | |a Ineficiencias de los sistemas eléctricos: efectos, cuantificación y dispositivos de mejora de la eficiencia |
| 300 | |a 306 p | ||
| 942 | |c BK | ||
| 945 | |d 20050909 00:00:00 |a jcarroza | ||
| 260 | |a Valencia |b Universidad Politécnica de Valencia |c 2001 | ||
| 650 | 0 | |a Ingeniería eléctrica |9 260573 | |
| 650 | 7 | |a SISTEMAS ELECTRICOS |2 CL-VaPUC |9 355342 | |
| 650 | 0 | |a Eficiencia industrial |9 263789 | |
| 583 | |a last modification |c 20050909 00:00:00 |k Rodrigo Vera | ||
| 999 | |c 314571 |d 314569 | ||
| 952 | |0 0 |1 0 |2 ddc |4 0 |6 621_319000000000000_LEO_2001 |7 0 |8 A |9 386988 |a BIBING |b BIBING |c RES |d 2019-11-22 |i 4157478 |o 621.319 LEO 2001 |p 4157478 |r 2025-01-20 |w 2019-11-22 |y BK |k EIE | ||